000
00293nam a2200121 a 4500
008
110512s1966|||| d
100
1
_a
Dementiev, A.
245
1
0
_a
Ruskaja sovetskaja literatúra
260
_b
Prosveščenie
_a
Moskva
_c
1966
020
_c
10
041
_a
rus.
044
_a
xo
_c
SK
999
_c
18048
_d
18048